|
|
|
|
| LEADER |
00000naa2a2200000 4500 |
| 001 |
400109 |
| 005 |
20231101065337.0 |
| 035 |
|
|
|a (RuTPU)RU\TPU\prd\42139
|
| 035 |
|
|
|a RU\TPU\prd\42138
|
| 090 |
|
|
|a 400109
|
| 100 |
|
|
|a 20060322a2002 k y0rusy50 ca
|
| 101 |
0 |
|
|a rus
|
| 102 |
|
|
|a RU
|
| 200 |
1 |
|
|a О показателях деятельности библиотеки
|f Л. В. Куликова
|
| 225 |
1 |
|
|a Теория и практика: точки пересечения
|
| 461 |
|
0 |
|0 (RuTPU)RU\TPU\prd\7961
|t Библиотечное дело - XXI век
|o приложение к журналу "Библиотековедение"
|o научно-практический сборник
|d 2002-
|
| 463 |
|
0 |
|0 (RuTPU)RU\TPU\prd\10668
|t № 3
|v С. 137-143
|d 2002
|
| 610 |
1 |
|
|a библиотеки
|
| 610 |
1 |
|
|a библиотечная деятельность
|
| 610 |
1 |
|
|a показатели
|
| 610 |
1 |
|
|a библиотечная статистика
|
| 700 |
|
1 |
|a Куликова
|b Л. В.
|g Людмила Васильевна
|
| 801 |
|
1 |
|a RU
|b 63413507
|c 20050414
|g PSBO
|
| 801 |
|
2 |
|a RU
|b 63413507
|c 20060322
|g PSBO
|
| 942 |
|
|
|c BK
|